Bailarinas : horas de diversion para bailarinas prometadores (Record no. 24686)
[ view plain ]
| 000 -LEADER | |
|---|---|
| fixed length control field | 00477 a2200193 4500 |
| 001 - CONTROL NUMBER | |
| control field | sjds |
| 003 - CONTROL NUMBER IDENTIFIER | |
| control field | sjds |
| 005 - DATE AND TIME OF LATEST TRANSACTION | |
| control field | 20240207110022.0 |
| 008 - FIXED-LENGTH DATA ELEMENTS--GENERAL INFORMATION | |
| fixed length control field | 240207b |||||||| |||| 00| 0 spa d |
| 020 ## - INTERNATIONAL STANDARD BOOK NUMBER | |
| International Standard Book Number | 9781472351470 |
| 020 ## - INTERNATIONAL STANDARD BOOK NUMBER | |
| International Standard Book Number | 1472351479 |
| 040 ## - CATALOGING SOURCE | |
| Transcribing agency | sjds |
| 041 ## - LANGUAGE CODE | |
| Language code of text/sound track or separate title | spa |
| 245 ## - TITLE STATEMENT | |
| Title | Bailarinas : horas de diversion para bailarinas prometadores |
| 260 ## - PUBLICATION, DISTRIBUTION, ETC. (IMPRINT) | |
| Name of publisher, distributor, etc. | Paragon Books, |
| Date of publication, distribution, etc. | [2024] |
| 300 ## - PHYSICAL DESCRIPTION | |
| Extent | 192 pages |
| Dimensions | 27 cm |
| 500 ## - GENERAL NOTE | |
| General note | Cataloging from website |
| 942 ## - ADDED ENTRY ELEMENTS (KOHA) | |
| Koha item type | Libro/Book |
| Withdrawn status | Lost status | Damaged status | Not for loan | Home library | Current library | Date acquired | Total Checkouts | Full call number | Barcode | Date last seen | Price effective from | Koha item type | Inventory number | Checked out | Date checked out |
|---|---|---|---|---|---|---|---|---|---|---|---|---|---|---|---|
| Barbudos -- Satellite | Barbudos -- Satellite | 16/08/2020 | 1 | JI | 35801981 | 02/03/2023 | 16/08/2020 | Libro/Book | Inventory date: 7/7/25 | 09/06/2022 | |||||
| Capulin -- Satellite | Capulin -- Satellite | 10/08/2020 | JI | 35101981 | 10/08/2020 | 10/08/2020 | Libro/Book | ||||||||
| Las Brisas 1 -- Satellite | Las Brisas 1 -- Satellite | 24/07/2020 | JI | 40002201 | 24/07/2020 | 24/07/2020 | Libro/Book | Inventory date: 7/4/25 | |||||||
| Las Brisas 2 -- Satellite | Las Brisas 2 -- Satellite | 22/07/2020 | JI | 40102223 | 22/07/2020 | 22/07/2020 | Libro/Book | ||||||||
| Monte Cristo -- Satellite | Monte Cristo -- Satellite | 23/08/2020 | JI | 40202191 | 23/08/2020 | 23/08/2020 | Libro/Book | ||||||||
| Genizero -- Satellite | San Juan Del Sur -- Biblioteca | 14/08/2020 | 2 | JI | 35601981 | 27/06/2023 | 14/08/2020 | Libro/Book | Checked out from 2023 - Jan 2025 | 01/08/2023 | 27/06/2023 | ||||
| Zaragoza -- Satellite | Zaragoza -- Satellite | 29/07/2020 | JI | 35501954 | 21/04/2022 | 29/07/2020 | Libro/Book |